Quaid-e-Azam Jinnah As I Knew Him (Record no. 313655)

000 -LEADER
fixed length control field 00388 a2200157 4500
001 - CONTROL NUMBER
control field 78582
003 - CONTROL NUMBER IDENTIFIER
control field NUST
005 - DATE AND TIME OF LATEST TRANSACTION
control field 20180119124823.0
008 - FIXED-LENGTH DATA ELEMENTS--GENERAL INFORMATION
fixed length control field 180119b xxu||||| |||| 00| 0 eng d
082 ## - DEWEY DECIMAL CLASSIFICATION NUMBER
Classification number 923.15491 ISP
100 ## - MAIN ENTRY--PERSONAL NAME
Personal name M A H Ispahani
9 (RLIN) 9098
245 ## - TITLE STATEMENT
Title Quaid-e-Azam Jinnah As I Knew Him
Statement of responsibility, etc. M A H Ispahani
Medium English
250 ## - EDITION STATEMENT
Edition statement 1
260 ## - PUBLICATION, DISTRIBUTION, ETC.
Place of publication, distribution, etc. Karachi
Name of publisher, distributor, etc. Elite
Date of publication, distribution, etc. 1976
300 ## - PHYSICAL DESCRIPTION
Extent 293
500 ## - GENERAL NOTE
General note General Books
505 ## - FORMATTED CONTENTS NOTE
Formatted contents note Gifted Books
942 ## - ADDED ENTRY ELEMENTS (KOHA)
Institution code [OBSOLETE] Caenust
Koha item type Book
Call number prefix 923.15491 ISP
Source of classification or shelving scheme
Holdings
Withdrawn status Lost status Damaged status Not for loan Collection code Permanent Location Current Location Date acquired Total Checkouts Full call number Barcode Date last seen Price effective from Koha item type
          College of Aeronautical Engineering (CAE) College of Aeronautical Engineering (CAE) 04/03/2017   923.15491 ISP CAEG-7326 04/05/2017 04/05/2017 Book
© 2023 Central Library, National University of Sciences and Technology. All Rights Reserved.